| 000 | 00514nam a22001937a 4500 | ||
|---|---|---|---|
| 003 | OSt | ||
| 005 | 20160309132829.0 | ||
| 008 | 160309b xxu||||| |||| 00| 0 eng d | ||
| 020 | _a0443100802 | ||
| 040 | _cDNLM | ||
| 082 | _aWV100 Y84e 2005 | ||
| 100 |
_aYoungs, Robin; Stafford, Nicholas D. _97177 |
||
| 245 | _aENT in Focus | ||
| 260 | _aEdinburgh; Elsevier, 2005 | ||
| 300 | _avi,172p; col.ill: 19cm | ||
| 504 | _aAnswers, & index included | ||
| 650 |
_aEar Nose & Throat ENT _97178 |
||
| 942 |
_2z _cO_SHELF |
||
| 999 |
_c3203 _d3203 |
||